The Weeknd - Chansons commençants par S - Statistiques

Statistiques générales
  • Ce quiz a été pris 14 fois
  • Le résultat moyen est 5 sur 13
Statistiques - réponses
S % Correct
Starboy (feat. Daft Punk)
91%
Save Your Tears
55%
Six Feet Under
55%
Stargirl Interlude (feat. Lana Del Rey)
55%
Sacrifice
45%
Shameless
36%
Snowchild
36%
São Paulo (featuring Anitta)
27%
Scared to Live
27%
Secrets
27%
Sidewalks (feat. Kendrick Lamar)
18%
Starry Eyes
18%
Same Old Song (feat. Juicy J)
9%
Aucun quiz correspondant
Distribution des résultats
% des personnes avec chaque résultat
Percentile par nombre de réponses
Votre historique - résultats
Vous n’avez pas pris ce quiz